00641nam a2200181 a 4500008004100000020001500041050001600056100001900072245002500091246003800116260002600154350000900180650001300189650001500202995009400217999001700311952013100328120416s2000 ||||||||||||||||| || u a0140291385 aHD 57.7 Nef aNeff, Thomas J10aLessons from the top ain search of the business leaders aLondonbPenguinc2000 a0.00 0aBUSINESS 0aLEADERSHIP D0.00FCBU-MAIN LIBRARY (Kitwe)H1I17.95M1UDAMAGEDZMain Library Open Access Collection c49119d49119 00102lcc4070a001b001cMain Library Open Access Collectiond2022-11-30l0oHD 57.7 Nefp45794r2022-11-30w2022-11-30y002